2022年の日本のG1勝ち馬 - Statistics

General Stats
  • This quiz has been taken 6 times
  • The average score is 23 of 36
Answer Stats
Answer % Correct
イクイノックス
100%
イクイノックス
100%
カフェファラオ
75%
ナランフレグ
75%
ポタジェ
75%
スターズオンアース
75%
オジュウチョウサン
75%
ジオグリフ
75%
タイトルホルダー
75%
ダノンスコーピオン
75%
ソダシ
75%
スターズオンアース
75%
ドウデュース
75%
ソングライン
75%
タイトルホルダー
75%
メイショウハリオ
75%
スタニングローズ
75%
アスクビクターモア
75%
ジェラルディーナ
75%
セリフォス
75%
ヴェラアズール
75%
ジュンライトボルト
75%
リバティアイランド
75%
ドルチェモア
75%
ニシノデイジー
75%
ドゥラエレーデ
75%
ノットゥルノ
50%
ジャンダルム
50%
カフェファラオ
50%
デルマソトガケ
50%
ウシュバテソーロ
50%
チュウワウィザード
25%
ショウナンナデシコ
25%
ダンシングプリンス
25%
ヴァレーデラルナ
0%
テーオーケインズ
0%
No matching quizzes found
Score Distribution
Percent of People with Each Score
Percentile by Number Answered
Your Score History
You have not taken this quiz